000 00827nam0a22002411 4500
001 rc\153981
005 20030307112708.0
010 _a5-213-01312-0
_930000
035 _a(NLR Aleph) 005421511
090 _a7480808
_c7480808
100 _a20030307d1994 u |0rusy50 ca
101 0 _arus
102 _aRU
105 _aa |||||||||
200 1 _aДом, который построил Джек
_e[Из англ. нар. поэзии
_eДля дошк. возраста]
_fСамуил Маршак
_g[Худож. В. и В. Шатуновы]
210 _aМ.
_cМалыш
_dБ. г. (1994)
215 _a19 с.
_cцв. ил.
_d27
700 1 _aМаршак
_bС. Я.
_f1887-1964
_gСамуил Яковлевич
801 0 _aRU
_bNLR
_gpsbo
801 1 _aRU
_bELAR
_2rusmarc
852 _aNLR
_jИгр/259-2
942 _cBOOK
980 _aNB